INTEGRATIVE MEDICINE (Record no. 19797)

MARC details
000 -LEADER
fixed length control field 00297nam a22001457a 4500
003 - CONTROL NUMBER IDENTIFIER
control field SGT
020 ## - INTERNATIONAL STANDARD BOOK NUMBER
International Standard Book Number 0312253796
082 ## - DEWEY DECIMAL CLASSIFICATION NUMBER
Classification number 610
Item number I00P
100 ## - MAIN ENTRY--PERSONAL NAME
Personal name PRESSMAN, ALAN. H.
245 ## - TITLE STATEMENT
Title INTEGRATIVE MEDICINE
250 ## - EDITION STATEMENT
Edition statement 1ST
260 ## - PUBLICATION, DISTRIBUTION, ETC. (IMPRINT)
Name of publisher, distributor, etc MARTIN'S PRESS
Year of Publication 2000
300 ## - PAGE DESCRIPTION
No. of Pages 590
942 ## - ADDED ENTRY ELEMENTS (KOHA)
Source of classification or shelving scheme Dewey Decimal Classification
Koha item type Books
Holdings
Withdrawn status Lost status Source of classification or shelving scheme Damaged status Use restrictions Not for loan Collection code Home library Current library Shelving location Date acquired Vendor Name Cost, normal purchase price SGTU Bill Number Full call number Accession No. (Barcode) Date last seen Bill Date Koha item type
    Dewey Decimal Classification   Restricted Access   AYURVEDA SGT FA-FP Library SGT FA-FP Library Reference Book 06/03/2020 AHUJA PUBLICATION 0.00 SGTU 11971 610 I00P FA10386 06/03/2020 22/02/2020 Books